Normal view
MARC view
- Batu, Vedat.
Entry Personal Name
001 - CONTROL NUMBER
- control field: 25878
003 - CONTROL NUMBER IDENTIFIER
- control field: NUST
005 - DATE AND TIME OF LATEST TRANSACTION
- control field: 20191119184625.0
008 - FIXED-LENGTH DATA ELEMENTS
- fixed length control field: 191119|| aca||aabn | a|a d
040 ## - CATALOGING SOURCE
- Original cataloging agency: NUST
- Transcribing agency: NUST
100 ## - HEADING--PERSONAL NAME
- Personal name: Batu, Vedat.
670 ## - SOURCE DATA FOUND
- Source citation: Work cat.: (NUST): Batu, Vedat., Applied flow and solute transport modling /, 2005.
